| 000 | 00675nam a2200217 4500 | ||
|---|---|---|---|
| 001 | 15627 | ||
| 010 | _a9789724424859 | ||
| 021 | _b484031/21 | ||
| 090 | _a15627 | ||
| 100 | _a20210428d2021 m y0pory50030103ba | ||
| 200 | 1 |
_aComo ler literatura _fTerry Eagleton _gtrad. Miguel Martins |
|
| 210 | 9 |
_aLisboa _cEdições 70, _d2021 |
|
| 215 |
_a272 p. _d24 cm |
||
| 304 | _aTít. orig.: How to read literature | ||
| 675 |
_a821.1/.8.09 _vBN _zpor |
||
| 675 |
_a028 _vBN _zpor |
||
| 700 | 1 |
_aEagleton, _bTerry, _f1943- |
|
| 702 | 1 |
_aMartins, _bMiguel |
|
| 801 | 0 |
_aPT _bBN _gRPC |
|
| 856 | 4 | 1 | _uhttp://rnod.bnportugal.gov.pt/ImagesBN/winlibimg.aspx?skey=&doc=2067847&img=176788&save=true |
| 990 | _cLIVROS | ||